Medzinárodná expanzia firiem štúdie prípadové

Saved in:
Bibliographic Details
Main Author: Ferenčíková, Soňa, 1960-
Format: Book
Language:Slovak
English
Published: Trnava KON-PRESS 1999
Subjects:
Tags: Add Tag
No Tags, Be the first to tag this record!

MARC

LEADER 00000nam a2200000 4500
001 c115448
005 20240104101400.1
020 |a 80-85413-40-X 
041 0 |a slo 
041 0 |a eng 
044 |a SK 
245 1 0 |a Medzinárodná expanzia firiem  |b štúdie prípadové  |c Soňa Ferenčíková 
264 1 |a Trnava  |b KON-PRESS  |c 1999 
300 |a 140 s. 
610 2 0 |a firmy 
610 2 0 |a podnikanie medzinárodné 
610 2 0 |a trh zahraničný 
610 2 0 |a manažment medzinárodný 
610 2 0 |a riadenie podnikové 
610 2 0 |a Slovensko 
610 2 0 |a SVE 
100 1 |a Ferenčíková, Soňa, 1960-